IIT Foundation: (Record no. 209254)
[ view plain ]
| 000 -LEADER | |
|---|---|
| fixed length control field | 00540nam a2200181Ia 4500 |
| 005 - DATE AND TIME OF LATEST TRANSACTION | |
| control field | 20250225161418.0 |
| 010 ## - LCCN (DPL NO) | |
| LC control number | ENG-143831 |
| 020 ## - INTERNATIONAL STANDARD BOOK NUMBER | |
| International Standard Book Number | 9789361592591 |
| Terms of availability | 543.00 |
| 035 ## - SYSTEM CONTROL NUMBER | |
| System control number | EN-127363 |
| 037 ## - SOURCE OF ACQUISITION | |
| Source of stock number/acquisition | DBAD |
| 082 ## - DEWEY DECIMAL CLASSIFICATION NUMBER | |
| Classification number | 530 |
| Edition number | 01 |
| 245 ## - TITLE STATEMENT | |
| Title | IIT Foundation: |
| Remainder of title | IIT Physics/ |
| 250 ## - EDITION STATEMENT | |
| Edition statement | 01 |
| 260 ## - PUBLICATION, DISTRIBUTION, ETC. (IMPRINT) | |
| Place of publication, distribution, etc | Uttar Pradesh |
| Name of publisher, distributor, etc | pearson india education services |
| Date of publication, distribution, etc | 2025 |
| 270 ## - ADDRESS | |
| Address | 1st Floor,Berger Tower, plot No.C-001A/2,Sector 16B, noida-201,301 |
| City | Noida |
| 300 ## - PHYSICAL DESCRIPTION | |
| Extent | 550p. |
| Dimensions | 28cm(pb) |
| 942 ## - ADDED ENTRY ELEMENTS (KOHA) | |
| Item type | English Books |
| Source of classification or shelving scheme | Dewey Decimal Classification |
| Call number suffix | IIT |
| Classification part | 530 |
| Edition | 01 |
| Withdrawn status | Lost status | Not for loan | Collection code | Home library | Current library | Date acquired | Source of acquisition | Cost, normal purchase price | Full call number | Barcode | Copy number | Cost, replacement price | Koha item type |
|---|---|---|---|---|---|---|---|---|---|---|---|---|---|
| Not For Loan | Non-fiction | Central Library | Central Library | 18/02/2025 | DBAD | 543.00 | IIT 530 | EN-127363 | 01 | 543.00 | English Books |
